000 00816nam a2200241 4500
003 OSt
005 20240614082116.0
006 a
008 240614b |||||||| |||| 00| 0 eng d
020 _a9781412960892
040 _aDWCL-Main lib.
_cOC
082 _aCirc. 317.1024 C727 2009
100 _aColvin, Geof
245 _aManaging noncompliance and defiance in the classroom : a road map for teachers, specialists and behavior support teams /
260 _aCalifornia :
_bCorwin Press,
_cc2009.
300 _axi,
_b134 p. ;
_c28 cm.
504 _aIncludes bibliographical references & index.
650 _a1. Classroom management.
650 _a2. School children–Discipline.
650 _a3. Problem children–Behavior modification.
700 _a Geoff Colvin
942 _2ddc
_n0
_cBK-CIRC
_kCirc.
999 _c731
_d731